000 00735nam a2200277Ia 4500
005 20260324120516.0
008 008 260324s9999 xx 000 0 eng d
020 _a9781003238522
037 _aEBOOK
040 _aCRL
040 _beng
040 _cCRL
041 _2eng
041 _aeng
084 _qCRL
100 _aCheryll M. Adams; Alicia Cotabish; Debbie Dailey
_91158853
245 0 _aTeacher's Guide to Using the Next Generation Science Standards With Gifted and Advanced Learners
260 _bTaylor and Francis
260 _c2015
365 _a
365 _b89.99
856 _uhttp://www.taylorfrancis.com/books/9781003238522
942 _cEBOOK
999 _c1750424
_d1750424